Зажигание твердых и жидких конденсированных веществ одиночными нагретыми до высоких температур частицами: автореферат диссертации на соискание ученой степени кандидата кандидата физико-математических наук; спец. 01.04.14; спец. 01.04.17

Podrobná bibliografie
Hlavní autor: Захаревич А. В. Аркадий Владимирович
Korporativní autor: Томский политехнический университет (ТПУ)
Další autoři: Кузнецов Г. В. Гений Владимирович (научный руководитель)
Shrnutí:Заглавие с титульного экрана
Электронная версия печатной публикации
Jazyk:ruština
Vydáno: Томск, 2008
Témata:
On-line přístup:http://www.lib.tpu.ru/fulltext/a/2009/29.pdf
Médium: MixedMaterials Elektronický zdroj Kniha
KOHA link:https://koha.lib.tpu.ru/cgi-bin/koha/opac-detail.pl?biblionumber=151948

MARC

LEADER 00000nlm0a2200000 4500
001 151948
005 20240117104633.0
035 |a (RuTPU)RU\TPU\book\164771 
090 |a 151948 
100 |a 20090128d2008 k y0rusy50 ca 
101 0 |a rus 
102 |a RU 
105 |a a dm 001zy 
135 |a drbn ---uucaa 
181 0 |a i  
182 0 |a b 
200 1 |a Зажигание твердых и жидких конденсированных веществ одиночными нагретыми до высоких температур частицами  |e автореферат диссертации на соискание ученой степени кандидата кандидата физико-математических наук   |e спец. 01.04.14  |e спец. 01.04.17  |f А. В. Захаревич  |g Томский политехнический университет (ТПУ) ; науч. рук. Г. В. Кузнецов 
203 |a Текст  |c электронный 
210 |a Томск  |d 2008 
215 |a 1 файл (385 Kb) 
300 |a Заглавие с титульного экрана 
300 |a Электронная версия печатной публикации 
337 |a Adobe Reader 
452 1 |0 (RuTPU)RU\TPU\book\162587  |t Зажигание твердых и жидких конденсированных веществ одиночными нагретыми до высоких температур частицами  |o автореферат диссертации на соискание ученой степени кандидата физико-математических наук  |o спец. 01.04.14  |o спец. 01.04.17  |f А. В. Захаревич  |g Томский политехнический университет (ТПУ) ; науч. рук. Г. В. Кузнецов  |c Томск  |n Б.и.  |d 2008  |p 18 с.  |a Захаревич, Аркадий Владимирович 
610 1 |a химическая физика 
610 1 |a твердые конденсированные вещества 
610 1 |a жидкие конденсированные вещества 
610 1 |a зажигание 
610 1 |a механизмы 
610 1 |a закономерности 
610 1 |a топливные композиты 
610 1 |a бензины 
610 1 |a керосины 
610 1 |a дизельное топливо 
610 1 |a мазут 
610 1 |a горючие жидкости 
610 1 |a нагретые частицы 
610 1 |a "горячие" частицы 
610 1 |a сварочные процессы 
610 1 |a частицы 
610 1 |a тепловое состояние 
610 1 |a численный анализ 
610 1 |a авторефераты диссертаций 
610 1 |a труды учёных ТПУ 
610 1 |a электронный ресурс 
675 |a 662.612.3(04)  |v 3 
686 |a 01.04.14  |2 oksvnk 
686 |a 01.04.17  |2 oksvnk 
700 1 |a Захаревич  |b А. В.  |c специалист в области теплоэнергетики  |c доцент Томского политехнического университета, кандидат физико-математических наук  |f 1980-  |g Аркадий Владимирович  |3 (RuTPU)RU\TPU\pers\25515  |9 11451 
702 1 |a Кузнецов  |b Г. В.  |c специалист в области теплоэнергетики  |c профессор Томского политехнического университета, доктор физико-математических наук  |f 1949-  |g Гений Владимирович  |3 (RuTPU)RU\TPU\pers\25528  |4 727  |9 11458 
712 0 2 |a Томский политехнический университет (ТПУ)  |c (1991- )  |3 (RuTPU)RU\TPU\col\376 
801 1 |a RU  |b 63413507  |c 20090128  |g PSBO 
801 2 |a RU  |b 63413507  |c 20150311  |g RCR 
856 4 |u http://www.lib.tpu.ru/fulltext/a/2009/29.pdf 
942 |c CF